| 000 | 00787nam a2200313Ia 4500 | ||
|---|---|---|---|
| 008 | 160803s9999 xx 000 0 und d | ||
| 020 | _a978-0545040419 | ||
| 100 | _aCabot, Meg | ||
| 245 | _aMoving day / | ||
| 245 | _cMeg Cabot. | ||
| 260 | _aNew York : | ||
| 260 | _bScholastic Inc. | ||
| 260 | _c2008 | ||
| 300 | _a228 pages ; | ||
| 300 | _c20 cm. | ||
| 440 | _aAllie Finkle's rules for girls, | ||
| 440 | _vbk. 1 | ||
| 650 | _aBest friends -- | ||
| 650 | _aFamilies -- | ||
| 650 | _aFriendship -- | ||
| 650 | _aMoving, Household -- | ||
| 650 | _aRules (Philosophy) -- | ||
| 650 | _xJuvenile fiction. | ||
| 650 | _xJuvenile fiction. | ||
| 650 | _xJuvenile fiction. | ||
| 650 | _xJuvenile fiction. | ||
| 650 | _xJuvenile fiction. | ||
| 700 | _a850 | ||
| 999 |
_c298431 _d298431 |
||